000 01079nam0a22002891 4500
001 v19\rc\1678414
005 20250619015819.0
035 _a(NLR Aleph) 004784745
090 _a4687576
_c4687576
100 _a20061002d1895 |||y0rusy50 ca
101 1 _arus
_cfre
102 _aRU
105 _aa z |||||
200 1 _aГальванопластика, никелирование, золочение, серебрение и электрометаллургия
_eПер. с фр.
_fЭмиль Буан, проф. в Лицее Шарлемань
_gРед. и прил. техн. П.А. Федорова
210 _aСанкт-Петербург
_cВ.И. Губинский
_d1895
215 _aVIII, 192 с.
_cил.
_d20
700 1 _aБуан
_bЭ.
_gЭмиль
702 1 _aФедоров
_bП.А.
_gПетр Акимович
_4570
801 0 _aRU
_bNLR
_gpsbo
801 0 _aRU
_bRuMoRGB
_2psbo
801 1 _aRU
_bProSoft-M
_2rusmarc
852 _aNLR
_j18.227.7.75
852 _aNLR
_j129/4508
899 _aRuMoRGB
_jA 238/1137
899 _aБАН
942 _cBOOK
980 _aNB